Buď užitečný : 7 zásad pro život /
Autor, známý kulturista, herec a politik na základě svých zkušeností ukazuje, jak žít smysluplný a harmonický život. Kapitoly se týkají například stanovení vize, způsobu myšlení, práce na svém cíli, prodeje či přístupu k životu.
Uloženo v:
| Hlavní autor: | |
|---|---|
| Další autoři: | |
| Médium: | E-audiokniha |
| Jazyk: | Czech |
| Vydáno: |
V Praze :
XYZ,
2024
|
| Vydání: | 1. vydání |
| Témata: | |
| Tagy: |
Žádné tagy |
| LEADER | 05451nam a2201177 i 4500 | ||
|---|---|---|---|
| 001 | 313190 | ||
| 003 | CZ PrSKC | ||
| 005 | 20260601215737.0 | ||
| 007 | ta | ||
| 008 | 240207s2024 xr e f 000 0acze | ||
| 015 | |a cnb003587954 | ||
| 020 | |a 9788076834651 |q (vázáno) | ||
| 035 | |a (OCoLC)1429250225 | ||
| 040 | |a OLA001 |b cze |d ABA001 |e rda | ||
| 041 | 1 | |a cze |h eng | |
| 043 | |a e-au--- |a n-us--- | ||
| 045 | |a x4y2 | ||
| 072 | 7 | |a 159.92 |x Vývojová psychologie. Individuální psychologie |2 Konspekt | |
| 072 | 7 | |a 929 |x Biografie |2 Konspekt | |
| 080 | |a 159.923.5 |2 MRF | ||
| 080 | |a 796.894.071.2 |2 MRF | ||
| 080 | |a 791.635-051 |2 MRF | ||
| 080 | |a 32-051 |2 MRF | ||
| 080 | |a 929 |2 MRF | ||
| 080 | |a (436) |2 MRF | ||
| 080 | |a (73) |2 MRF | ||
| 080 | |a (035) |2 MRF | ||
| 080 | |a (0:82-94) |2 MRF | ||
| 100 | 1 | |a Schwarzenegger, Arnold, |d 1947- |7 jn20000701629 |4 aut | |
| 240 | 1 | 0 | |a Be useful. |l Česky |
| 245 | 1 | 0 | |a Buď užitečný : |b 7 zásad pro život / |c Arnold Schwarzenegger ; z anglického originálu Be useful ... přeložila Viktorie Spurná |
| 250 | |a 1. vydání | ||
| 264 | 1 | |a V Praze : |b XYZ, |c 2024 | |
| 300 | |a 261 stran ; |c 25 cm | ||
| 336 | |a text |b txt |2 rdacontent | ||
| 337 | |a bez média |b n |2 rdamedia | ||
| 338 | |a svazek |b nc |2 rdacarrier | ||
| 520 | 2 | |a Autor, známý kulturista, herec a politik na základě svých zkušeností ukazuje, jak žít smysluplný a harmonický život. Kapitoly se týkají například stanovení vize, způsobu myšlení, práce na svém cíli, prodeje či přístupu k životu. | |
| 600 | 1 | 7 | |a Schwarzenegger, Arnold, |d 1947- |7 jn20000701629 |2 czenas |
| 648 | 7 | |a 20.-21. století |7 ch462155 |2 czenas | |
| 650 | 0 | 7 | |a rozvoj osobnosti |7 ph194683 |2 czenas |
| 650 | 0 | 7 | |a sebeřízení |7 ph303239 |2 czenas |
| 650 | 0 | 7 | |a kulturisté |7 ph122013 |z Rakousko |y 20.-21. století |2 czenas |
| 650 | 0 | 7 | |a kulturisté |7 ph122013 |z Spojené státy americké |y 20.-21. století |2 czenas |
| 650 | 0 | 7 | |a filmoví herci |7 ph114538 |z Rakousko |y 20.-21. století |2 czenas |
| 650 | 0 | 7 | |a filmoví herci |7 ph114538 |z Spojené státy americké |y 20.-21. století |2 czenas |
| 650 | 0 | 7 | |a politici |7 ph115781 |z Spojené státy americké |y 21. století |2 czenas |
| 650 | 0 | 9 | |a personality development |2 eczenas |
| 650 | 0 | 9 | |a self-management |2 eczenas |
| 650 | 0 | 9 | |a bodybuilders |z Austria |y 20th-21st centuries |2 eczenas |
| 650 | 0 | 9 | |a bodybuilders |z United States |y 20th-21st centuries |2 eczenas |
| 650 | 0 | 9 | |a film actors |z Austria |y 20th-21st centuries |2 eczenas |
| 650 | 0 | 9 | |a film actors |z United States |y 20th-21st centuries |2 eczenas |
| 650 | 0 | 9 | |a politicians |z United States |y 21st century |2 eczenas |
| 655 | 7 | |a příručky |7 fd133209 |2 czenas | |
| 655 | 7 | |a autobiografické vzpomínky |7 fd131854 |2 czenas | |
| 655 | 9 | |a handbooks and manuals |2 eczenas | |
| 655 | 9 | |a autobiographical reminiscences |2 eczenas | |
| 700 | 1 | |a Spurná, Viktorie |4 trl | |
| 900 | |a ABA001 |b 21 | ||
| 928 | 9 | |a Albatros Media - XYZ | |
| 044 | |a xr | ||
| 505 | 0 | 0 | |t 01_Uvod (18 min., 0 sek.) |
| 505 | 0 | 0 | |t 02_Mejte jasnou vizi (5 min., 48 sek.) |
| 505 | 0 | 0 | |t 03_Zacnete ze siroka a pak zaostrete (11 min., 21 sek.) |
| 505 | 0 | 0 | |t 04_Vytvorte si prostor a cas (16 min., 33 sek.) |
| 505 | 0 | 0 | |t 05_Musite to videt (13 min., 43 sek.) |
| 505 | 0 | 0 | |t 06_Podivejte se do zrcadla (10 min., 5 sek.) |
| 505 | 0 | 0 | |t 07_Nikdy nemyslete v malem (7 min., 42 sek.) |
| 505 | 0 | 0 | |t 08_Wenn schon, denn schon (15 min., 29 sek.) |
| 505 | 0 | 0 | |t 09_Ignorujte skeptiky (10 min., 14 sek.) |
| 505 | 0 | 0 | |t 10_Zadny plan B (7 min., 46 sek.) |
| 505 | 0 | 0 | |t 11_Prekonavat rekordy a razit si cestu (11 min., 18 sek.) |
| 505 | 0 | 0 | |t 12_Poradne makejte (9 min., 36 sek.) |
| 505 | 0 | 0 | |t 13_Opakujte, opakujte, opakujte (8 min., 56 sek.) |
| 505 | 0 | 0 | |t 14_Bolest je docasna (9 min., 33 sek.) |
| 505 | 0 | 0 | |t 15_Dotahujte veci do konce (14 min., 13 sek.) |
| 505 | 0 | 0 | |t 16_Mate 24 hodin. Vyuzijte je. (18 min., 6 sek.) |
| 505 | 0 | 0 | |t 17_Prodavat, prodavat, prodavat (7 min., 13 sek.) |
| 505 | 0 | 0 | |t 18_Znejte sveho zakaznika (11 min., 48 sek.) |
| 505 | 0 | 0 | |t 19_Udelejte horu z krtincu (13 min., 29 sek.) |
| 505 | 0 | 0 | |t 20_Nechte je, aby vas podcenovali (9 min., 35 sek.) |
| 505 | 0 | 0 | |t 21_Budte sami sebou, ridte svuj príbeh, sklidte uspech (15 min., 33 sek.) |
| 505 | 0 | 0 | |t 22_Zmente pristup (8 min., 31 sek.) |
| 505 | 0 | 0 | |t 23_Najdete to pozitivni (18 min., 39 sek.) |
| 505 | 0 | 0 | |t 24_Preformulujte neuspech (14 min., 18 sek.) |
| 505 | 0 | 0 | |t 25_Porusujte pravidla (7 min., 53 sek.) |
| 505 | 0 | 0 | |t 26_Riziko je relativni (7 min., 53 sek.) |
| 505 | 0 | 0 | |t 27_Zavrete pusu, otevrete mysl (6 min., 20 sek.) |
| 505 | 0 | 0 | |t 28_Svet muze byt vasi ucebnou (14 min., 53 sek.) |
| 505 | 0 | 0 | |t 29_Budte zvedavi (10 min., 10 sek.) |
| 505 | 0 | 0 | |t 30_Budte houbou (10 min., 7 sek.) |
| 505 | 0 | 0 | |t 31_Vyuzijte svych znalosti (16 min., 25 sek.) |
| 505 | 0 | 0 | |t 32_Rozbijte sva zrcadla (4 min., 45 sek.) |
| 505 | 0 | 0 | |t 33_Davani prospiva vsem (9 min., 7 sek.) |
| 505 | 0 | 0 | |t 34_Jak se odvdecit (11 min., 41 sek.) |
| 505 | 0 | 0 | |t 35_Odvdecovani se stava zavislosti (13 min., 4 sek.) |
| 505 | 0 | 0 | |t 36_Rozbijte to sklo (11 min., 28 sek.) |
| 910 | |a RBIT002 | ||
| 998 | |d 392621 |a https://core.palmknihy.cz/api/books/392621/cover?s52uvs |b https://core.palmknihy.cz/api/books/392621/cover/400?s52uvs |c https://core.palmknihy.cz/api/books/392621/cover/50?s52uvs |e 2028-04-28 |i 9788076834651 |l 24720 |q 49 |r 1 |s https://www.palmknihy.cz/kniha/392621 |t audiobook |y 2024 |z 0 | ||
| 999 | |d 313188 | ||